00386nam a2200109Ia 4500008004100000082001300041100002600054245008300080942000600163952009400169999001300263240331s9999 xx 000 0 und d a082bJOU aRoyal asiatic society 0aJournal of the Ceylon branch of theroyalasiaticsociety 1865-66 :bpart 1 no 14 cL 001040708LaWERCLbWERCLcSSCd2024-03-31l0o 082 JOUp668r2024-03-31w2024-03-31yL c658d658